| 000 | 01011nas a2200301 4500 | ||
|---|---|---|---|
| 001 | BR2014002545 | ||
| 003 | BR-BrBNA | ||
| 005 | 20231205124116.0 | ||
| 007 | ta | ||
| 008 | 230509b bl.|||p| |||| 00| 00por d | ||
| 040 |
_aBR-BrBNA _bpor _cBiblioteca Nacional de Agricultura |
||
| 041 | _a(Pt) | ||
| 072 | _aF06; Q70; F61 | ||
| 100 | 1 | _aMedeiros, S. de S. | |
| 100 | 1 | _aSoares, A.A. | |
| 100 | 1 | _aFerreira, P.A. | |
| 100 | 1 | _aNeves, J.C.L. | |
| 100 | 1 | _aSouza, J.A. de | |
| 245 | 1 | _aUtilização de água residuária de origem doméstica na agricultura: estudo do estado nutricional do cafeeiro | |
| 650 | _aÁGUAS RESIDUAIS | ||
| 650 | _aFERTIRRIGAÇÃO | ||
| 650 | _aRECICLAGEM | ||
| 650 | _aREDE DE ESGOTO | ||
| 773 | 0 |
_tRevista Brasileira de Engenharia Agrícola e Ambiental (Brazil) _xISSN 1415-4366 _g(Mar-Apr 2008), V. 12(2) p. 109-115 _wBR2014002545 |
|
| 856 | 4 | 0 | _uhttp://www.scielo.br/pdf/rbeaa/v12n2/v12n02a01.pdf |
| 909 |
_a202311 _bLúcia _c55 _dLúcia Elande |
||
| 942 |
_2AGRIS _n0 _cANA |
||
| 999 |
_c237343 _d237343 |
||